01188nam a2200265Ia 4500001000600000003000900006008004100015040001300056040001300069041001300082100001100095100002900106245011900135245011800254250001100372260000900383260001200392260004500404300004300449500032400492650002700816650003100843700002000874700002800894 1798IT-RoPAU130308s9999 xx 000 0 und d aIT-RoPAU cIT-RoPAU aITALIANO aAA.VV. gCodice Aut. SPICS: 12000 aCanzone francese (La)-La rabbia e la speranza nei testi dei più grandi chansonnier dalla comune di Parigi a oggi bCanzone Francese (La)-La Rabbia e la speranza Nei Testi dei Piu' Grandi Chansonnier Dalla Comune di Parigi a Oggi a1a ed. aROMA bSavelli c1979 [1° Ed.:1979 - Ed.Ling.Originale:] a"192 p. (prefazione: no ; testo: 192)" aAutori Aznavour Trenet Brassens Ferre' Brel Pottier e Altri Canzone e Rivoluzione Canzone militante canzoni della Comune Canzone moderna di Bruant Montehus Trenet strada e Letteratura Anarchia e Disobbedienza Civile Canzone e Industria Rivolta e Mercificazione Contemporanei Discografia Selettiva della Canzone Francese aAUTORI/OPERE DI MUSICA eCodice materia Spics: 7007 aArmellini Guido gCodice Aut. SPICS: 9798